书目信息 |
| 题名: |
怀山药干燥技术
|
|
| 作者: | 任广跃 著 | |
| 分册: | ||
| 出版信息: | 北京 科学出版社 2017.06 |
|
| 页数: | 215页 | |
| 开本: | 24cm | |
| 丛书名: | ||
| 单 册: | ||
| 中图分类: | S632.109 | |
| 科图分类: | ||
| 主题词: | 山药--干燥 | |
| 电子资源: | ||
| ISBN: | 978-7-03-053102-5 | |
| 000 | 00854nam0 2200229 450 | |
| 001 | 4624 | |
| 005 | 20181012142836.97 | |
| 010 | @a978-7-03-053102-5@dCNY98.00 | |
| 100 | @a20170905d2017 em y0chiy50 ea | |
| 101 | 0 | @achi |
| 102 | @aCN@b110000 | |
| 105 | @aa az 000yy | |
| 200 | 1 | @a怀山药干燥技术@9huai shan yao gan zao ji shu@f任广跃著 |
| 210 | @a北京@c科学出版社@d2017.06 | |
| 215 | @a215页@c图@d24cm | |
| 320 | @a有书目(第210-215页) | |
| 330 | @a本书系统介绍了多项怀山药干燥技术,如热风干燥技术、微波干燥技术、喷雾干燥技术、微波辅助冻干技术、常压冷冻干燥技术及组合干燥技术等节能保质干燥技术。利用上述技术可开发出优质的怀山药干制品,因此本书也为果蔬干制品产业提供了理论依据及实践案例。 | |
| 606 | 0 | @a山药@x干燥 |
| 690 | @aS632.109@v5 | |
| 701 | 0 | @a任广跃@9ren guang yue@4著 |
| 801 | 0 | @aCN@b91MARC@c20170905 |
| 905 | @aMuseLib@dS632.109@e476 | |
| 怀山药干燥技术/任广跃著.-北京:科学出版社,2017.06 |
| 215页:图;24cm |
| ISBN 978-7-03-053102-5:CNY98.00 |
| 本书系统介绍了多项怀山药干燥技术,如热风干燥技术、微波干燥技术、喷雾干燥技术、微波辅助冻干技术、常压冷冻干燥技术及组合干燥技术等节能保质干燥技术。利用上述技术可开发出优质的怀山药干制品,因此本书也为果蔬干制品产业提供了理论依据及实践案例。 |
| ● |
| 相关链接 |
|
|
|
|
正题名:怀山药干燥技术
索取号:S632.109/476
 
预约/预借
| 序号 | 登录号 | 条形码 | 馆藏地/架位号 | 状态 | 备注 |
| 1 | 1126027 | 211260277 | 第二样本阅览室/ [索取号:S632.109/476] | 在馆 | |
| 2 | 1126028 | 211260286 | 第三借阅区/ [索取号:S632.109/476] | 在馆 | |
| 3 | 1126029 | 211260295 | 第三借阅区/ [索取号:S632.109/476] | 在馆 | |
| 4 | 1126030 | 211260302 | 密集书库-生命科学系/ [索取号:S632.109/476] | 在馆 |